Korózia kovov a zliatin. STN 03 8112. ISO 7441. Zmena 1 : Stanovenie kontaktnej korózie pri atmosférických koróznych skúškach. Október 1997

Saved in:
Bibliographic Details
Format: Book
Language:Slovak
Published: Bratislava : Úrad pre normalizáciu, metrológiu a skúšobníctvo SR, 1997
Subjects:
Tags: Add Tag
No Tags, Be the first to tag this record!

MARC

LEADER 00000nam a22000003a 4500
001 stu81960
005 20150408161508.7
008 031001s1997----xo------------------slo-d
040 |a STU  |b slo 
041 0 |a slo 
044 |a xo 
080 |a 620.193.2:621.357.7  |7 stu_us_auth*stu771 
245 |a Korózia kovov a zliatin. STN 03 8112. ISO 7441. Zmena 1 :  |b Stanovenie kontaktnej korózie pri atmosférických koróznych skúškach. Október 1997 
260 |a Bratislava :  |b Úrad pre normalizáciu, metrológiu a skúšobníctvo SR,  |c 1997 
300 |a 2 s 
650 7 |a korózia zliatin  |2 stusub 
650 7 |a korózia kovov  |2 stusub 
996 |b 284M057887  |c M*N-852/2-1  |l MMKN  |s A  |a 24  |w stu81960_0001